Innovations in education: reformers and their critics

Guardat en:
Dades bibliogràfiques
Autor principal: Rich, John Martin (autor)
Format: Llibre
Idioma:anglès
Publicat: Boston Allyn and Bacon 1978
Edició:2a. ed
Matèries:
Etiquetes: Afegir etiqueta
Sense etiquetes, Sigues el primer a etiquetar aquest registre!

MARC

LEADER 00000nam a2200000 a 4500
001 UCT0382
003 CL-VaPUC
008 960830e19780000US |||||||||||||||||eng|d
082 0 4 |a 371.207  |b MAR  |2 21 
100 |a Rich, John Martin  |e autor  |9 369028 
245 1 0 |a Innovations in education: reformers and their critics 
250 |a 2a. ed 
300 |a 402 p 
942 |c BK 
945 |d 19960830 00:00:00  |a nastorga 
260 |a Boston  |b Allyn and Bacon  |c 1978 
650 7 |a REFORMAS DE LA EDUCACION  |2 CL-VaPUC  |9 369029 
650 0 |a Currículo  |9 307290 
650 7 |a DESARROLLO DE LA EDUCACION  |2 CL-VaPUC  |9 369030 
650 0 |a Planificación de la educación   |9 307333 
650 0 |a Innovaciones pedagógicas  |9 307471 
650 0 |a Educación  |9 258661 
650 0 |a Evaluación de la educación   |9 237505 
583 |a last modification  |c 19960830 00:00:00  |k Rodrigo Vera 
999 |c 251389  |d 251387 
952 |0 0  |1 0  |4 0  |6 371_207000000000000_MAR_1978  |7 0  |8 P  |9 270505  |a BIBEDU  |b BIBEDU  |c BIBEDU_PB  |d 2019-11-19  |i 3225445  |o 371.207 MAR 1978  |p 3225445  |r 2024-01-25  |w 2019-11-19  |y BK  |k EDU